[Event "93rd ch-GBR"]
[Site "Swansea WLS"]
[Date "2006.08.10"]
[Round "4"]
[White "Moyse,N"]
[Black "Hodgson,Jo"]
[Result "0-1"]
[WhiteElo "2036"]
[BlackElo "2218"]
[EventDate "2006.08.07"]

1. d4 Nf6 2. Nf3 g6 3. c4 Bg7 4. Nc3 d5 5. cxd5 Nxd5 6. e4 Nxc3 7. bxc3 c5
8. Be3 Qa5 9. Qd2 Nc6 10. Rc1 cxd4 11. cxd4 Qxd2+ 12. Kxd2 O-O 13. Bb5 f5
14. exf5 Bxf5 15. Rhd1 Be6 16. Bc4 Bxc4 17. Rxc4 Rfd8 18. Ke2 Rd5 19. Ng5
Rad8 20. Ne6 R8d6 21. Nxg7 Kxg7 22. a4 Kf7 23. f3 Rd7 24. f4 a6 25. Rd2
R7d6 26. g3 Ke6 27. Kf3 b5 28. axb5 axb5 29. Rc1 Nxd4+ 30. Ke4 Nf5 31. Rxd5
Rxd5 32. Bf2 Nd6+ 33. Kf3 b4 34. Re1+ Kd7 35. Rb1 Rb5 36. Be1 b3 37. Ke2
Kc6 38. Kd3 Kd5 39. Bc3 Ne4 40. Bb2 Nc5+ 41. Kd2 Na4 42. Bg7 Ke4 43. Re1+
Kf3 44. Kc1 Rc5+ 45. Kb1 Rc2 46. Bd4 Re2 47. Rd1 Kg4 48. Rh1 e6 49. Bf6 Kh3
50. Be5 Rxh2 51. Rxh2+ Kxh2 52. g4 Kh3 53. g5 Kg4 54. Kc1 Kf3 55. Bd6 Nc3
56. Kb2 Nd5 57. Kxb3 Nxf4 58. Kc4 Ke4 59. Kc3 Nd5+ 60. Kc4 Kf5 61. Kd4 Nf4
0-1

[Event "93rd ch-GBR"]
[Site "Swansea WLS"]
[Date "2006.08.10"]
[Round "4"]
[White "Tippleston,C"]
[Black "Dilleigh,S"]
[Result "1/2-1/2"]
[WhiteElo "2203"]
[BlackElo "2134"]
[EventDate "2006.08.07"]

1. e4 e6 2. d4 d5 3. Nd2 c5 4. exd5 Qxd5 5. Ngf3 cxd4 6. Bc4 Qd6 7. O-O Nf6
8. Nb3 Nc6 9. Nbxd4 Nxd4 10. Nxd4 a6 11. c3 Qc7 12. Qe2 Bd6 13. h3 O-O 14.
Bg5 Qc5 15. Be3 Qc7 16. Bb3 e5 17. Nc2 h6 18. Rad1 Bf5 19. Bc1 Bc5 20. Ne3
Bd7 21. Nd5 Nxd5 22. Rxd5 Be6 23. Qxe5 Qxe5 24. Rxe5 Bd6 25. Re2 Bxb3 26.
axb3 Rfd8 27. Be3 Rac8 28. Rfe1 Kf8 29. Bd4 f6 30. Kf1 Re8 31. Rxe8+ Rxe8
32. Rxe8+ Kxe8 33. Ke2 Kd7 34. Kd3 Ke6 35. b4 b5 36. Bc5 Bc7 37. b3 g6 38.
c4 h5 39. g4 f5 40. f3 Bf4 41. gxh5 gxh5 42. Be3 Be5 43. Bd4 Bd6 44. Bc3
Bf4 45. Bd2 Be5 46. f4 Bf6 47. Be1 Kd6 48. Bf2 Kc6 49. Bd4 Be7 50. Bc3 Bh4
51. Ke3 Be7 52. Kf3 Bh4 53. Bd2 Bf6 54. Kg3 Kd6 55. Be3 Ke6 56. Bc5 Kf7 57.
Bd6 Ke6 58. Bf8 Kf7 59. Bd6 Ke6 60. Bf8 1/2-1/2

[Event "93rd ch-GBR"]
[Site "Swansea WLS"]
[Date "2006.08.10"]
[Round "4"]
[White "Khandelwal,A"]
[Black "Bennet,W"]
[Result "1-0"]
[WhiteElo "1974"]
[BlackElo "2180"]
[EventDate "2006.08.07"]

1. e4 c5 2. d4 cxd4 3. c3 dxc3 4. Nxc3 a6 5. Be3 e6 6. f4 b5 7. f5 Nc6 8.
Bd3 Nf6 9. Nf3 Bb4 10. O-O Ng4 11. Qe2 Nxe3 12. Qxe3 Qe7 13. Kh1 Bxc3 14.
bxc3 exf5 15. Rae1 O-O 16. Qf4 Qc5 17. exf5 Qxc3 18. Re3 Qb4 19. Be4 d5 20.
f6 Rd8 21. Qg5 g6 22. Bxd5 Bb7 23. Bxf7+ Kxf7 24. Qh6 Rg8 25. Ng5+ 1-0

[Event "93rd ch-GBR"]
[Site "Swansea WLS"]
[Date "2006.08.10"]
[Round "4"]
[White "Corke,A"]
[Black "Shaw,P"]
[Result "1-0"]
[WhiteElo "2179"]
[BlackElo "2122"]
[EventDate "2006.08.07"]

1. d4 e6 2. e4 b6 3. Bd3 Bb7 4. Nf3 c5 5. d5 exd5 6. exd5 Bxd5 7. Nc3 Bb7
8. Bc4 Nc6 9. O-O Nge7 10. Qd6 Na5 11. Nb5 Rc8 12. Qf4 Nxc4 13. Ne5 Nf5 14.
Nxc4 Bd5 15. Re1+ Be7 16. Qxf5 Bxc4 17. Nd6+ Kf8 18. Nxc4 Rc6 19. Ne5 1-0

[Event "93rd ch-GBR"]
[Site "Swansea WLS"]
[Date "2006.08.10"]
[Round "4"]
[White "Briscoe,C"]
[Black "Constantinou,P"]
[Result "0-1"]
[WhiteElo "2137"]
[BlackElo "2148"]
[EventDate "2006.08.07"]

1. e4 c6 2. d4 d5 3. e5 c5 4. c3 Nc6 5. dxc5 Nxe5 6. Nf3 Nxf3+ 7. Qxf3 Nf6
8. b4 g6 9. Bf4 Bg7 10. Bb5+ Bd7 11. Bxd7+ Qxd7 12. O-O O-O 13. Be5 Qg4 14.
Nd2 Rfc8 15. Qe3 Qf5 16. Qd4 Qh5 17. Rfe1 Rc6 18. h3 Rd8 19. a4 Ne8 20. b5
Rcc8 21. a5 f6 22. Bg3 e5 23. Qe3 Bh6 24. f4 Nc7 25. a6 Nxb5 26. axb7 Rc7
27. Qd3 Rxb7 28. Reb1 exf4 29. Rxb5 Rxb5 30. Qxb5 fxg3 31. Nf1 Qe5 32. Rxa7
Qe1 33. Qd3 Qf2+ 34. Kh1 Qxc5 35. Ra4 f5 36. Nxg3 Rc8 37. Ne2 Bg7 38. Nf4
d4 39. c4 Qe5 40. Nd5 Qe1+ 41. Kh2 Be5+ 42. g3 Qf2+ 43. Kh1 Bxg3 44. Ne7+
Kf7 45. Ra2 Qxa2 46. Qxg3 Qb1+ 47. Kh2 Qc2+ 48. Kg1 Qd1+ 49. Kf2 Re8 50.
Qh4 h5 0-1

[Event "93rd ch-GBR"]
[Site "Swansea WLS"]
[Date "2006.08.10"]
[Round "4"]
[White "Nicholson,Jo"]
[Black "Ledger,S"]
[Result "0-1"]
[WhiteElo "1945"]
[BlackElo "2177"]
[EventDate "2006.08.07"]

1. e4 c5 2. Nf3 Nc6 3. c3 d5 4. exd5 Qxd5 5. d4 cxd4 6. cxd4 e5 7. Nc3 Bb4
8. dxe5 Qxd1+ 9. Kxd1 Bg4 10. Bb5 O-O-O+ 11. Kc2 Bxf3 12. gxf3 Nd4+ 0-1

[Event "93rd ch-GBR"]
[Site "Swansea WLS"]
[Date "2006.08.11"]
[Round "5"]
[White "Hebden,M"]
[Black "Rowson,J"]
[Result "1/2-1/2"]
[WhiteElo "2532"]
[BlackElo "2579"]
[EventDate "2006.08.07"]

1. d4 Nf6 2. Nf3 d5 3. c4 e6 4. Bg5 h6 5. Bxf6 Qxf6 6. Nc3 c6 7. e3 Nd7 8.
Bd3 dxc4 9. Bxc4 g6 10. O-O Bg7 11. Qc2 Qe7 12. Rad1 O-O 13. Rfe1 a6 14. a3
b6 15. e4 Bb7 16. d5 b5 17. Ba2 c5 18. Qd2 c4 19. dxe6 Nc5 20. exf7+ Rxf7
21. Nd5 Qf8 22. Bb1 g5 23. Qe3 Re8 24. Re2 Ne6 25. e5 Nf4 26. Nxf4 Rxf4 27.
Qb6 Qe7 28. Qg6 Qe6 29. Qxe6+ Rxe6 30. Rd8+ Rf8 31. Rxf8+ Kxf8 32. Be4 g4
33. Nd4 Rb6 34. Bxb7 Rxb7 35. f4 gxf3 36. gxf3 Rd7 37. Ne6+ Kf7 38. Nc5
Rd1+ 39. Kf2 Rd5 40. e6+ Ke7 41. Nxa6 Re5 42. Nc7 Rc5 43. Na6 Re5 44. f4
Rxe2+ 45. Kxe2 Bxb2 46. Nc7 Bxa3 47. Nxb5 1/2-1/2

[Event "93rd ch-GBR"]
[Site "Swansea WLS"]
[Date "2006.08.11"]
[Round "5"]
[White "Pert,N"]
[Black "Lalic,B"]
[Result "1/2-1/2"]
[WhiteElo "2503"]
[BlackElo "2488"]
[EventDate "2006.08.07"]

1. d4 Nf6 2. Nf3 e6 3. c4 Bb4+ 4. Bd2 a5 5. Nc3 O-O 6. Bg5 d6 7. e3 Nbd7 8.
Qc2 e5 9. Be2 h6 10. Bh4 exd4 11. exd4 Re8 12. O-O Bxc3 13. bxc3 b6 14.
Rae1 Ba6 15. Nd2 Qe7 16. Qc1 Qf8 17. Bd3 d5 18. Qc2 1/2-1/2

[Event "93rd ch-GBR"]
[Site "Swansea WLS"]
[Date "2006.08.11"]
[Round "5"]
[White "Devereaux,M"]
[Black "Parker,J"]
[Result "1/2-1/2"]
[WhiteElo "2377"]
[BlackElo "2509"]
[EventDate "2006.08.07"]

1. e4 d6 2. d4 g6 3. c4 Bg7 4. Nc3 e5 5. Nf3 Nc6 6. Bg5 f6 7. Be3 Nh6 8. h3
Nf7 9. dxe5 dxe5 10. Qxd8+ Nfxd8 11. Nd5 Ne6 12. O-O-O Bd7 13. Be2 O-O-O
14. Rhe1 Rhe8 15. Bf1 Kb8 16. Kb1 Bc8 17. a3 Ncd4 18. Nxd4 Nxd4 19. f3 Be6
20. Nb4 Bf8 21. Nc2 Nb3 22. Ka2 Nc5 23. b3 Bf7 24. Kb2 Ne6 25. h4 h5 26. g3
c5 27. Rxd8+ Rxd8 28. Be2 Nd4 29. Rd1 Bd6 30. Nxd4 exd4 31. Bf2 g5 32. Rh1
Rg8 33. g4 hxg4 34. fxg4 gxh4 35. Rxh4 Bg6 36. Bf3 Bf4 37. Kc2 a5 38. Kd3
Kc7 39. a4 Kd6 40. Be1 b6 41. Bf2 Kd7 42. Rh1 Ke8 43. Bh4 Kf7 44. Bg2 Kg7
45. Rf1 Rh8 46. Rh1 Be5 47. Be1 Rg8 48. Bf3 Bf4 49. Bh4 Bf7 50. Bf2 Be6 51.
Rh4 Bc8 52. Be1 Bc7 1/2-1/2

[Event "93rd ch-GBR"]
[Site "Swansea WLS"]
[Date "2006.08.11"]
[Round "5"]
[White "Williams,Si"]
[Black "Arakhamia,K"]
[Result "1/2-1/2"]
[WhiteElo "2473"]
[BlackElo "2427"]
[EventDate "2006.08.07"]

1. d4 Nf6 2. c4 c5 3. d5 b5 4. cxb5 a6 5. bxa6 g6 6. Nc3 Bxa6 7. g3 d6 8.
Bg2 Bg7 9. Nf3 Nbd7 10. Rb1 O-O 11. O-O Nb6 12. b3 Ne8 13. Bb2 Nc7 14. a4
Bxc3 15. Bxc3 Nbxd5 16. Ba1 Bb7 17. Qd2 e5 18. Rfd1 f6 19. Ne1 Ra6 20. Nc2
Qa8 21. f4 Ne7 22. Bxb7 Qxb7 23. fxe5 fxe5 24. Ne3 Ne6 25. Rf1 Ng5 26.
Rxf8+ Kxf8 27. Ng2 1/2-1/2

[Event "93rd ch-GBR"]
[Site "Swansea WLS"]
[Date "2006.08.11"]
[Round "5"]
[White "Knott,S"]
[Black "Gordon,S"]
[Result "1/2-1/2"]
[WhiteElo "2387"]
[BlackElo "2443"]
[EventDate "2006.08.07"]

1. Nf3 Nf6 2. c4 e6 3. Nc3 Bb4 4. Qc2 O-O 5. a3 Bxc3 6. Qxc3 d6 7. g3 a5 8.
Bg2 a4 9. O-O b6 10. d3 Bb7 11. Bg5 h6 12. Bxf6 Qxf6 13. Qxf6 gxf6 14. Nd4
Bxg2 15. Kxg2 f5 16. f3 Rd8 17. e4 fxe4 18. fxe4 c5 19. Nb5 Nc6 20. Kf2 Kf8
21. Ke2 Ke7 22. Rf4 Rh8 23. Raf1 Ne5 24. Kd2 h5 25. Nc3 Rh7 26. Rh4 Kd7 27.
Rhf4 Kc6 28. Kc2 Kd7 29. Kd2 Ke7 30. Rh4 Ng6 31. Rh3 h4 32. gxh4 Ne5 33.
Rf4 Nc6 34. h5 Nd4 35. Ne2 b5 36. cxb5 Nxb5 37. h6 Rg8 38. Rfh4 Rg6 39. Ke3
Kf8 40. d4 c4 41. Rh5 Nc7 42. Nc3 Rg2 43. Nxa4 c3 44. bxc3 Ra2 45. Kd3 Rxa3
46. Nb6 Ra6 47. Nc4 d5 48. Ne3 dxe4+ 49. Kxe4 Ke7 50. Rc5 Ne8 51. Nc4 Nf6+
52. Kd3 Nd5 53. Rh4 Kf6 54. Ne3 Nxe3 55. Kxe3 Kg6 56. Rc7 Ra5 57. Rc5 Ra2
58. Rch5 f5 59. Rh3 Rc2 60. Kf4 Kf6 61. Rg3 Rc1 62. Rh4 Re1 63. Kf3 Rc1 64.
Ke2 Rc2+ 65. Kd3 Rb2 66. Re3 Kg5 67. Reh3 Kg6 68. Rg3+ Kf6 69. Rhh3 Rb8 70.
Rh5 Rbh8 71. Rgh3 Rb8 72. Kc2 Rc8 73. Kd3 1/2-1/2

[Event "93rd ch-GBR"]
[Site "Swansea WLS"]
[Date "2006.08.11"]
[Round "5"]
[White "Ledger,D"]
[Black "Ward,C"]
[Result "0-1"]
[WhiteElo "2274"]
[BlackElo "2461"]
[EventDate "2006.08.07"]

1. e4 c5 2. Nc3 g6 3. Bc4 Nc6 4. d3 Bg7 5. Nge2 e6 6. O-O Nge7 7. Bg5 a6 8.
a4 h6 9. Bh4 g5 10. Bg3 d5 11. exd5 exd5 12. Ba2 Be6 13. f4 Qd7 14. Qd2 b6
15. Bf2 g4 16. Ng3 d4 17. Bxe6 fxe6 18. Nce4 a5 19. Nh5 Nd5 20. Bh4 O-O 21.
Qe2 Ne3 22. h3 Kh8 23. hxg4 Nxf1 24. Rxf1 Nb4 25. g5 Nd5 26. gxh6 Bxh6 27.
Rf3 Rf5 28. Nhf6 Qg7 29. Rg3 Nxf4 30. Qd1 Qf7 31. Nd6 Qe7 32. Nxf5 exf5 33.
Kf2 Rf8 34. Bg5 Rxf6 35. Qh1 Qe2+ 36. Kg1 Qe1+ 37. Kh2 Qxh1+ 38. Kxh1 Bxg5
39. Rxg5 0-1

[Event "93rd ch-GBR"]
[Site "Swansea WLS"]
[Date "2006.08.11"]
[Round "5"]
[White "Varley,P"]
[Black "Rendle,T"]
[Result "1/2-1/2"]
[WhiteElo "2228"]
[BlackElo "2390"]
[EventDate "2006.08.07"]

1. d4 e6 2. c4 f5 3. Nf3 Nf6 4. g3 d6 5. Bg2 Be7 6. b3 O-O 7. Bb2 Ne4 8.
Nbd2 Bf6 9. Qc2 d5 10. O-O Nc6 11. Rfd1 Ne7 12. Rac1 c6 13. Ne5 Bg5 14. f4
Bh6 15. Ndf3 Bd7 16. Nxd7 Qxd7 17. Ba3 Rfc8 1/2-1/2

[Event "93rd ch-GBR"]
[Site "Swansea WLS"]
[Date "2006.08.11"]
[Round "5"]
[White "Sugden,J"]
[Black "Buckley,G"]
[Result "1/2-1/2"]
[WhiteElo "2166"]
[BlackElo "2379"]
[EventDate "2006.08.07"]

1. e4 c5 2. Nc3 Nc6 3. g3 g6 4. Bg2 Bg7 5. d3 d6 6. f4 e6 7. Nf3 Nge7 8.
O-O O-O 9. Bd2 Rb8 10. Rb1 b5 11. a3 a5 12. a4 b4 13. Nb5 d5 14. e5 Nf5 15.
g4 Nfd4 16. Nbxd4 Nxd4 17. Nxd4 cxd4 18. b3 f6 19. exf6 Bxf6 20. Qe2 Qd6
21. Be1 Bd7 22. Bg3 Rbc8 23. Rbe1 Qc5 24. Rf2 Bg7 25. Ref1 Kh8 26. h4 Qd6
27. Kh2 Rce8 28. Bh3 e5 29. fxe5 Rxf2+ 30. Qxf2 Bxe5 31. Bxe5+ Qxe5+ 32.
Qg3 Qxg3+ 33. Kxg3 h5 34. Bg2 hxg4 35. Bxd5 Re3+ 36. Kf4 Kg7 37. Rf2 Kf6
38. Rg2 Bf5 39. Rg3 Re1 40. Rg2 Rh1 41. Re2 Rxh4 42. Bg2 Rh8 43. Re1 Rc8
44. Re2 Rc5 45. Bh1 Bd7 46. Bg2 Bc8 47. Bh1 Rf5+ 48. Kg3 Kg5 49. Re4 Rd5
50. Re2 Rc5 51. Bg2 Bf5 52. Bh1 Rc3 53. Bd5 Rc7 54. Bg2 Rc5 55. Bh1 Kf6 56.
Kf4 Bd7 57. Bg2 Bc8 58. Bh1 Bf5 59. Bg2 Bd7 60. Bh1 Rf5+ 61. Kg3 Rf1 62.
Bg2 Rg1 63. Kf2 Rc1 64. Bd5 Bf5 65. Kg3 Rg1+ 66. Kf2 Rd1 67. Kg3 Kg5 68.
Bc4 Rg1+ 69. Kf2 Rh1 70. Kg2 Rh7 71. Bd5 Kf4 72. Re1 Rc7 73. Bc4 Rc5 74.
Re2 g3 75. Re1 Kg4 76. Rf1 Re5 77. Rc1 Re2+ 78. Kf1 Kf3 79. Bd5+ Ke3 80.
Bc4 Bh3+ 81. Kg1 Bg2 82. Bf7 g5 83. Bh5 Rf2 84. Re1+ Kd2 85. Re5 Kxc2 86.
Rxg5 Bb7 87. Rxg3 Rd2 88. Bf7 Kc3 89. Bc4 1/2-1/2

[Event "93rd ch-GBR"]
[Site "Swansea WLS"]
[Date "2006.08.11"]
[Round "5"]
[White "Eggleston,D"]
[Black "Ashton,A"]
[Result "1/2-1/2"]
[WhiteElo "2232"]
[BlackElo "2329"]
[EventDate "2006.08.07"]

1. e4 e5 2. Nf3 Nc6 3. d4 exd4 4. Nxd4 Nf6 5. Nxc6 bxc6 6. Bd3 d5 7. exd5
cxd5 8. O-O Be7 9. c4 c6 10. cxd5 cxd5 11. Bb5+ Bd7 12. Bxd7+ Qxd7 13. Be3
O-O 14. Bd4 Rfd8 15. Nc3 Ne4 16. Rc1 Ng5 17. Ne2 Ne6 18. b3 a5 19. Nc3 Nxd4
20. Qxd4 Bf6 21. Qd3 Bxc3 22. Rxc3 1/2-1/2

[Event "93rd ch-GBR"]
[Site "Swansea WLS"]
[Date "2006.08.11"]
[Round "5"]
[White "Cobb,J"]
[Black "Fowler,S"]
[Result "1-0"]
[WhiteElo "2370"]
[BlackElo "2181"]
[EventDate "2006.08.07"]

1. d4 d5 2. c4 e6 3. Nc3 c6 4. e3 Bd6 5. Bd3 f5 6. g4 Nh6 7. gxf5 O-O 8.
Bd2 Nxf5 9. Qe2 dxc4 10. Bxc4 b5 11. Bd3 Bb7 12. Ne4 c5 13. dxc5 Be5 14.
O-O-O Qd5 15. Bb1 Rd8 16. Nf3 b4 17. Bxb4 Ba6 18. Rxd5 exd5 19. Qd2 Nc6 20.
Nxe5 dxe4 21. Qc3 Ncd4 22. exd4 Nxd4 23. Re1 1-0

[Event "93rd ch-GBR"]
[Site "Swansea WLS"]
[Date "2006.08.11"]
[Round "5"]
[White "Constantinou,P"]
[Black "Sowray,P"]
[Result "1-0"]
[WhiteElo "2148"]
[BlackElo "2357"]
[EventDate "2006.08.07"]

1. d4 Nf6 2. Nf3 e6 3. Bg5 h6 4. Bxf6 Qxf6 5. Nbd2 d6 6. e4 Nd7 7. Bd3 e5
8. c3 g6 9. Nc4 Bg7 10. dxe5 dxe5 11. O-O O-O 12. b4 Re8 13. Ne3 Nf8 14.
Qb3 c6 15. Rfd1 Ne6 16. Bf1 Nf4 17. Kh1 h5 18. Ng1 Bh6 19. Qc2 h4 20. g3
Nh5 21. Qe2 Kg7 22. Bh3 Rh8 23. Kg2 Qg5 24. Bg4 Bxg4 25. Qxg4 Nf6 26. Qf3
Rad8 27. Nh3 Qh5 28. g4 Nxg4 29. Qxg4 Qxg4+ 30. Nxg4 Bd2 31. Rab1 Bxc3 32.
a3 Bd4 33. Ng5 h3+ 34. Nxh3 Rh4 35. Nxe5 Rxe4 36. Nf3 Rg4+ 37. Kf1 Rh8 38.
Rxd4 Rxd4 39. Nxd4 Rxh3 40. Rb3 Rxh2 41. Rd3 Rh5 42. Nb3 Rb5 43. Rd7 Kf6
44. Na5 b6 45. Nxc6 a5 46. bxa5 bxa5 47. Ra7 Rc5 48. Nxa5 Ke5 49. Nb3 Rc3
50. Rb7 Rc4 51. Rb4 Rc2 52. a4 Ra2 53. a5 g5 54. Kg2 f5 55. Rb5+ Ke4 56.
Nc5+ Kd5 57. Nb7+ Kc6 58. Rb3 Rd2 59. Rb6+ Kc7 60. Nc5 g4 61. Ne6+ Kd7 62.
Nf4 Rd4 63. Kg3 Ke7 64. Rb4 Rd6 65. Ra4 Kf6 66. a6 Kg5 67. a7 Ra6 68. Nh3+
1-0

[Event "93rd ch-GBR"]
[Site "Swansea WLS"]
[Date "2006.08.11"]
[Round "5"]
[White "Rudd,J"]
[Black "Roberson,P"]
[Result "1/2-1/2"]
[WhiteElo "2328"]
[BlackElo "2122"]
[EventDate "2006.08.07"]

1. d4 Nf6 2. c4 c5 3. d5 e6 4. Nc3 exd5 5. cxd5 d6 6. e4 g6 7. Nge2 Bg7 8.
Ng3 O-O 9. Be2 Na6 10. O-O Nc7 11. Bg5 Re8 12. Qd2 a6 13. a4 Bd7 14. f4 b5
15. e5 dxe5 16. fxe5 Rxe5 17. axb5 Bxb5 18. Bxb5 Nxb5 19. Nxb5 axb5 20.
Rxa8 Qxa8 21. Bxf6 Bxf6 22. Rxf6 Qxd5 23. Qxd5 Rxd5 24. Ne4 Re5 25. Nc3 b4
26. Na4 c4 27. Rb6 c3 28. bxc3 bxc3 29. Nxc3 Re7 30. Kf2 Kg7 31. Kf3 h5 32.
Ne4 Ra7 33. Rb3 Re7 34. g3 Ra7 35. Nd6 Ra6 36. Ne8+ Kf8 37. Rb8 Ke7 38. Nc7
Ra5 39. Nb5 Ra2 40. h4 Ra1 41. Rb7+ Ke6 42. Nd4+ Kf6 43. Kg2 Ra2+ 44. Kh3
Rf2 45. Rb3 Kg7 46. Nf3 Ra2 47. Ng5 Ra7 48. Kg2 Re7 49. Kf3 Ra7 50. Rb4 Re7
51. Ne4 Ra7 52. Nd6 Ra6 53. Rd4 Ra1 54. Rf4 Ra3+ 55. Kg2 Ra2+ 56. Rf2 Ra7
57. Rb2 Ra6 58. Ne4 Ra7 59. Kf3 Re7 60. Kf4 Kg8 61. Nd6 Re6 62. Rb8+ Kg7
63. Ne8+ Kh6 64. Rd8 Re7 65. Nd6 Kg7 66. Re8 Ra7 67. Rb8 Ra4+ 68. Ke5 Ra5+
69. Rb5 Ra3 70. Rb7 Rf3 71. Ne4 Re3 72. Kd4 Re1 73. Ng5 Rf1 74. Ke5 Kf8 75.
Kd6 Rd1+ 76. Kc7 Rc1+ 77. Kd8 Rd1+ 78. Rd7 Rf1 79. Ne4 Ra1 80. Nd6 Rf1 81.
Re7 Rf2 82. Re4 Rd2 83. Kd7 Ra2 84. g4 hxg4 85. Rxg4 Kg7 86. Rf4 Ra7+ 87.
Kc6 Re7 88. Kd5 f5 89. Ra4 Kf6 90. Ra6 Kg7 91. h5 Re1 92. hxg6 Kxg6 93.
Ne4+ Kg7 94. Ng3 Rb1 95. Nxf5+ Kf7 96. Ke5 Re1+ 97. Kf4 Rf1+ 98. Ke5 Re1+
99. Kd5 Rd1+ 100. Nd4 Ke7 101. Re6+ Kf7 102. Re2 Ra1 103. Kd6 Ra6+ 104. Nc6
Ra1 105. Ne5+ Kf6 106. Rf2+ Kg5 107. Ke6 Ra6+ 108. Kf7 Ra7+ 109. Kg8 Ra8+
110. Kg7 Ra7+ 111. Nf7+ Kg4 112. Rf6 Rb7 113. Kg6 Kg3 114. Nd6 Ra7 115. Kg5
Ra5+ 116. Nf5+ Kf3 117. Re6 Rb5 118. Re3+ Kf2 119. Ra3 Rb4 120. Ne3 Rb5+
121. Kh4 Rb4+ 122. Kh3 Rb8 123. Nf5 Rh8+ 124. Kg4 Rg8+ 125. Kf4 Ke2 126.
Rc3 Kd2 127. Rc7 Kd3 128. Ke5 Re8+ 129. Kd5 Rd8+ 130. Nd6 Rh8 131. Nf7 Rh5+
132. Ne5+ Ke3 133. Rc2 Rh8 134. Rc3+ Kd2 135. Rg3 Rd8+ 136. Ke4 Re8 137.
Rd3+ Kc2 138. Rd5 Rh8 139. Nf3 Re8+ 140. Kd4 Rg8 141. Rc5+ Kb3 142. Kd3 Rg3
143. Rf5 Rh3 144. Rf4 Rg3 1/2-1/2

[Event "93rd ch-GBR"]
[Site "Swansea WLS"]
[Date "2006.08.11"]
[Round "5"]
[White "Sherwin,J"]
[Black "Khandelwal,A"]
[Result "0-1"]
[WhiteElo "2291"]
[BlackElo "1974"]
[EventDate "2006.08.07"]

1. d4 f5 2. Nc3 Nf6 3. Bg5 e6 4. e4 fxe4 5. Nxe4 Be7 6. Bxf6 Bxf6 7. f4 O-O
8. Nf3 Be7 9. Qd2 d5 10. Nf2 c5 11. dxc5 Nd7 12. O-O-O Nxc5 13. g3 Bd7 14.
Ne5 Rc8 15. Bg2 Ba4 16. Kb1 Na6 17. Rc1 Qb6 18. Rhe1 Nb4 19. b3 Nxc2 20.
Rxc2 Bb4 21. Qe2 Rxc2 22. Kxc2 Rc8+ 23. Kb1 Bxe1 24. Nfd3 Bc3 25. Nc1 Bb5
26. Qh5 Be8 27. Qe2 Bxe5 0-1

[Event "93rd ch-GBR"]
[Site "Swansea WLS"]
[Date "2006.08.11"]
[Round "5"]
[White "Houska,Jo"]
[Black "Dilleigh,S"]
[Result "1/2-1/2"]
[WhiteElo "2364"]
[BlackElo "2134"]
[EventDate "2006.08.07"]

1. e4 e6 2. d4 d5 3. Nc3 Nf6 4. e5 Nfd7 5. Nce2 c5 6. c3 Nc6 7. f4 Qb6 8.
Nf3 f6 9. g3 cxd4 10. cxd4 Bb4+ 11. Nc3 O-O 12. exf6 Nxf6 13. a3 Be7 14.
Bd3 e5 15. Na4 Qc7 16. dxe5 Ne4 17. O-O Bh3 18. Be3 Bxf1 19. Bxf1 Rad8 20.
Rc1 Qd7 21. b4 d4 22. b5 dxe3 23. Qb3+ Kh8 24. bxc6 bxc6 25. Qxe3 Nd2 26.
Nxd2 Qxd2 27. Qxd2 Rxd2 28. Rxc6 g5 29. Rc7 Bxa3 30. Nc3 gxf4 31. Ne4 Rdd8
32. Ng5 Rc8 33. Rxh7+ Kg8 34. gxf4 Rxf4 35. Bh3 Rc2 36. Be6+ Kf8 37. Rh8+
Kg7 38. Rg8+ Kh6 39. Nf7+ Kh7 40. Ng5+ Kh6 1/2-1/2

[Event "93rd ch-GBR"]
[Site "Swansea WLS"]
[Date "2006.08.11"]
[Round "5"]
[White "Roberts,DL"]
[Black "Britton,R"]
[Result "1/2-1/2"]
[WhiteElo "2126"]
[BlackElo "2288"]
[EventDate "2006.08.07"]

1. e4 c5 2. Nf3 d6 3. d4 cxd4 4. Nxd4 Nf6 5. Nc3 a6 6. Bg5 e6 7. f4 Nbd7 8.
Qf3 Qc7 9. O-O-O Be7 10. Bd3 h6 11. Qh3 Nb6 12. f5 e5 13. Nde2 Bd7 14. Kb1
Bc6 15. Be3 O-O-O 16. Bxb6 Qxb6 17. Bc4 Kb8 18. Nd5 Bxd5 19. Bxd5 Nxd5 20.
Rxd5 Bg5 21. Rhd1 Be3 22. Qg3 Rhg8 23. R1d3 Bc5 24. Rb3 Qc6 25. Qf3 g6 26.
f6 h5 27. Rd1 Rc8 28. Qd3 Bd4 29. Rd2 d5 30. Nxd4 exd4 31. e5 Qc4 32. Qxd4
Qf1+ 33. Rd1 Qxg2 34. Qd2 Qe4 35. Re3 Rxc2 36. Rxe4 Rxd2 37. Rxd2 dxe4 38.
Kc2 Kc7 39. Rd4 g5 40. Rxe4 Kd7 41. Rb4 b5 42. a4 Kc6 43. axb5+ axb5 44.
Kd3 g4 45. Ke3 g3 46. hxg3 Rxg3+ 47. Kf2 Rg5 48. Re4 Kd7 49. Rd4+ Ke6 50.
Rd6+ Kxe5 51. Rb6 Ke4 52. Rb7 Rf5+ 53. Kg3 Rxf6 54. Rxb5 Rg6+ 55. Kf2 Rd6
56. Rxh5 Rd2+ 57. Kg3 Rxb2 58. Rh4+ Ke3 59. Ra4 Rb1 60. Ra3+ Ke4 61. Ra4+
Kf5 62. Ra5+ Kg6 63. Kf4 Rb4+ 64. Kf3 f5 65. Ra3 Kg5 66. Rc3 Rh4 67. Kg2
Rg4+ 68. Kf2 Ra4 1/2-1/2

[Event "93rd ch-GBR"]
[Site "Swansea WLS"]
[Date "2006.08.11"]
[Round "5"]
[White "Chevannes,S"]
[Black "Snape,I"]
[Result "1/2-1/2"]
[WhiteElo "2080"]
[BlackElo "2241"]
[EventDate "2006.08.07"]

1. d4 c5 2. e3 g6 3. Nf3 Bg7 4. Nbd2 d5 5. Be2 Nf6 6. O-O Nbd7 7. c4 cxd4
8. exd4 O-O 9. Re1 b6 10. Nb1 Bb7 11. Nc3 Rc8 12. cxd5 Nxd5 13. Nxd5 Bxd5
14. Ba6 Ra8 15. Bf4 Nb8 16. Be2 Nc6 17. Ne5 Nxe5 18. dxe5 Bb7 19. Qb3 Qd4
20. Bg3 Bd5 21. Qd3 Qxd3 22. Bxd3 Rac8 23. a3 f6 24. h3 Bc4 25. Rad1 Bb3
26. Rc1 Rfe8 27. Rxc8 Rxc8 28. exf6 Bxf6 29. Be5 Kf7 30. Kh2 Rd8 31. Bxf6
exf6 32. Re3 Be6 33. Bb5 Rd2 34. Re2 Rxe2 35. Bxe2 Ke7 36. Kg3 Kd6 37. Kf4
Bd5 38. g3 Kc5 39. Ke3 Bc4 40. Bd1 Bf1 41. h4 a5 42. Bc2 Bc4 43. Ke4 Be6
44. Ke3 Kc4 45. f3 b5 46. g4 b4 47. axb4 axb4 1/2-1/2

[Event "93rd ch-GBR"]
[Site "Swansea WLS"]
[Date "2006.08.11"]
[Round "5"]
[White "Poobalasingam,P"]
[Black "Tippleston,C"]
[Result "1/2-1/2"]
[WhiteElo "2068"]
[BlackElo "2203"]
[EventDate "2006.08.07"]

1. d4 d5 2. Nf3 Nf6 3. g3 c6 4. Bg2 Bf5 5. O-O e6 6. b3 h6 7. c4 Nbd7 8.
Nc3 Ne4 9. Bb2 Be7 10. Nd2 Nxc3 11. Bxc3 O-O 12. e4 dxe4 13. Nxe4 Nf6 14.
Qe2 Nxe4 15. Bxe4 Bxe4 16. Qxe4 Bf6 17. Rfd1 Qb6 18. Qe1 Rac8 19. Rac1 Qa6
20. Rd3 Rfd8 21. Qd2 b6 22. Rd1 Rd7 23. Qe2 Qb7 24. Qf3 Qc7 25. Kg2 Rdd8
26. R1d2 1/2-1/2

[Event "93rd ch-GBR"]
[Site "Swansea WLS"]
[Date "2006.08.11"]
[Round "5"]
[White "Surtees,M"]
[Black "Hughes,Ro"]
[Result "1-0"]
[WhiteElo "2182"]
[BlackElo "2071"]
[EventDate "2006.08.07"]

1. e4 d5 2. exd5 Qxd5 3. Nc3 Qa5 4. a3 c6 5. h3 Nf6 6. d4 Bf5 7. g4 Bg6 8.
Bg2 h5 9. b4 Qc7 10. g5 Nd5 11. Nge2 Nxc3 12. Nxc3 e6 13. O-O Nd7 14. Qe2
Rc8 15. Ne4 Bd6 16. f4 Kf8 17. c4 Be7 18. Bb2 Nb6 19. Nc5 Bf5 20. Rac1 Nd7
21. Ne4 h4 22. Kh1 Re8 23. Qf2 b6 24. Qf3 c5 25. dxc5 bxc5 26. b5 Rh7 27.
Rfd1 Kg8 28. Rd2 e5 29. Rd5 Bf8 30. fxe5 Bg6 31. Qf4 Re6 32. Nd6 Rh5 33.
Bf3 Rh7 34. Bg4 Bxd6 35. Rxd6 Rxd6 36. exd6 Qd8 37. Re1 Nf8 38. Qe5 Ne6 39.
Bxe6 fxe6 40. Qxe6+ Bf7 41. Qe7 Qa8+ 42. Kh2 1-0

[Event "93rd ch-GBR"]
[Site "Swansea WLS"]
[Date "2006.08.11"]
[Round "5"]
[White "Ledger,S"]
[Black "Cannon,Ri"]
[Result "1-0"]
[WhiteElo "2177"]
[BlackElo "2102"]
[EventDate "2006.08.07"]

1. d4 e6 2. Nf3 Nf6 3. Bf4 d5 4. e3 Nbd7 5. Nbd2 Be7 6. h3 O-O 7. Bd3 b6 8.
O-O Bb7 9. Ne5 Ne4 10. Nxd7 Qxd7 11. Nxe4 dxe4 12. Bc4 b5 13. Bb3 Bd6 14.
Bxd6 Qxd6 15. Qe2 Rab8 16. Rfd1 Bd5 17. Rac1 Qb6 18. Bxd5 exd5 19. b3 c6
20. c4 Rfc8 21. Rd2 a6 22. Rdc2 Qb7 23. Qg4 bxc4 24. bxc4 dxc4 25. Rxc4 Qe7
26. d5 c5 27. Qxe4 Qd6 28. Qd3 g6 29. e4 Rb2 30. a4 Qf4 31. Qe3 Qf6 32.
Rxc5 Rxc5 33. Qxc5 h5 34. d6 Rd2 35. e5 Qf4 36. Qe3 Qb4 37. Qh6 1-0

[Event "93rd ch-GBR"]
[Site "Swansea WLS"]
[Date "2006.08.11"]
[Round "5"]
[White "Bennet,W"]
[Black "Moyse,N"]
[Result "1/2-1/2"]
[WhiteElo "2180"]
[BlackElo "2036"]
[EventDate "2006.08.07"]

1. d4 Nf6 2. c4 g6 3. Nc3 Bg7 4. e4 d6 5. f3 O-O 6. Be3 Nc6 7. Nge2 Re8 8.
Qd2 a6 9. Ng3 e5 10. d5 Nd4 11. Nce2 c5 12. dxc6 bxc6 13. Nxd4 exd4 14.
Bxd4 d5 15. Bc3 dxe4 16. Qxd8 Rxd8 17. fxe4 Re8 18. O-O-O Bh6+ 19. Kc2 Nxe4
20. Nxe4 Bf5 21. Bd3 Bxe4 22. Bxe4 Rxe4 23. Rhe1 Rxc4 24. Rd7 Bg7 25. Re3
a5 26. Red3 Bxc3 27. Rxc3 Rxc3+ 28. Kxc3 Re8 29. Kd2 Kg7 30. Rd4 Re5 31.
Rc4 Rf5 32. Ke2 Rh5 33. h3 Rg5 34. Kf2 Rb5 1/2-1/2

[Event "93rd ch-GBR"]
[Site "Swansea WLS"]
[Date "2006.08.11"]
[Round "5"]
[White "Goodger,M"]
[Black "Nicholson,Jo"]
[Result "1/2-1/2"]
[WhiteElo "2128"]
[BlackElo "1945"]
[EventDate "2006.08.07"]

1. e4 e6 2. Nf3 c5 3. c3 Nc6 4. d4 d5 5. e5 Qb6 6. a3 c4 7. Nbd2 Na5 8. g3
Bd7 9. h4 f5 10. exf6 gxf6 11. Bh3 O-O-O 12. O-O Bg7 13. Re1 f5 14. Ne5
Bxe5 15. Rxe5 Nf6 16. Re1 Rhg8 17. Rb1 f4 18. Kh2 e5 1/2-1/2